Carta pastoral del Excmo. y Rvmo. Sr. Obispo de Tacámbaro, Dr. D. Leopoldo Lara y Torres, dirigida a los fieles de su Diócesis
Síntesis: La carta pastoral exhorta a los fieles a hacer oración y continuar con el catecismo del P. Ripalda, comenta sobre las fiestas Guadalupanas que a pesar de todas las difucultades estuvieron muy concurridas y pide a todos los católicos a continuar observando la moral cristiana, sin dejarse in...
Na minha lista:
| Autor principal: | |
|---|---|
| Formato: | Livro |
| Colecção: | 1929
1930/mayo/15 |
| Assuntos: | |
| Tags: |
Sem tags, seja o primeiro a adicionar uma tag!
|
MARC
| LEADER | 00000nam^a2200000^a^4500 | ||
|---|---|---|---|
| 001 | 000249226 | ||
| 005 | 20250526000000.0 | ||
| 009 | 20260310105719.227 | ||
| 035 | |a R00087 | ||
| 037 | |a Acervo Xavier Clavigero | ||
| 082 | |a 13. 3 LAR | ||
| 100 | |a Lara y Torres, Leopoldo |e (autor) | ||
| 245 | 1 | 0 | |a Carta pastoral del Excmo. y Rvmo. Sr. Obispo de Tacámbaro, Dr. D. Leopoldo Lara y Torres, dirigida a los fieles de su Diócesis |
| 264 | |a México : |b Destinatario: Fieles de la diócesis de Tacámbaro, |c 1932 | ||
| 300 | |a 16 fojas, mes/cop. 21.3 X 28 cm. | ||
| 336 | |a texto |b txt |2 rdacontenido | ||
| 337 | |a sin mediación |b n |2 rdamedio | ||
| 338 | |a volumen |b nc |2 rdasoporte | ||
| 440 | |a 1929 | ||
| 440 | |a 1930/mayo/15 | ||
| 520 | |a Síntesis: La carta pastoral exhorta a los fieles a hacer oración y continuar con el catecismo del P. Ripalda, comenta sobre las fiestas Guadalupanas que a pesar de todas las difucultades estuvieron muy concurridas y pide a todos los católicos a continuar observando la moral cristiana, sin dejarse influenciar por las tendencias liberales. | ||
| 598 | |a Carta | ||
| 598 | |a En la biblioteca del ILFC, Guadalajara, Jal. | ||
| 649 | |a XX | ||
| 650 | |a * Lara y Torres, Leopoldo - |x Correspondencia, memorias, etc | ||
| 650 | |||
| 650 | |a Díaz y Barreto, Pascual | ||
| 650 | |a * Meschler, Mauricio | ||
| 650 | |a Iglesia - |x Historia - |y Papa, 1198-1216 (Inocencio III) | ||
| 650 | |a * Pío XI, Papa, 1922-1939 | ||
| 910 | |a Fondo Jesús Gómez Fregoso S.J. FXC | ||
| 920 | |a Impresos - Documentos | ||
| 930 | |a Libros Antiguos y Raros | ||
| 940 | |a Guerra Cristera | ||
| 905 | |a 110 | ||
| 901 | |a R00087 |b IT2 |c LRA |i R00087 |u 20250526 | ||
| 902 | |a https://opac.biblio.iteso.mx/vufind/Record/000249226 | ||